000 00320nam a2200133 i 4500
001 bg
245 0 _aTablice logarytmiczne pięciocyfrowe dla podziału koła na 400g.
250 _aWyd.3.
260 _aWarszawa,
_c1976.
040 _cBPK
041 _apol
942 _cKS
008 s pl f |000 0 pol
999 _c16891
_d16891
856 _uhttp://koha.tu.koszalin.pl/cgi-bin/koha/opac-detail.pl?biblionumber=16891
_yKatalog online BPK